00526nam a22001812 4500001001100000005001700011008004100028020001700069040001500086100003000101245008400131250001300215260002700228300001600255650003600271700003400307852000300341000001194220151217152103.0090122s xx 000 0 eng d a1412902007 : aKABUcKABU1 aHughes, Mark.@000016801710aOrganisations and management in social work /cMark Hughes and Michael Wearing. a1st ed. aLondon :bSage,c2007. avi, 210 p. 0aIndustrial welfare.@00001680181 aWearing, Michael.@00001680191